000 003870000a22001690004500
005 20120302055226.0
942 _cBOOK
100 _a Deshmukh,Sri.Da.
245 _a Bruhadaaranyokopanishada (Addhyaaya-4)
260 _aDombivli:Morayaa
300 _a137p.
040 _aMAR
365 _b45/-
650 _aTatvadnyan
650 _aUpnishada
650 _aBruhadaaranyakopabishada
999 _c347826
_d347823